| 000 | 00686nam a2200253Ia 4500 | ||
|---|---|---|---|
| 008 | 180523s9999 xx 000 0 und d | ||
| 020 | _a978-0-470-9048-4 | ||
| 050 | _aMAIN GT 3405 | ||
| 050 | _b.M35 2012 | ||
| 100 | _aMalouf, Lena. | ||
| 245 | 0 | _aEvents exposed : | |
| 245 | 0 | _bmanaging & designing special events / | |
| 245 | 0 | _cLena Malouf. | |
| 260 | _aNew Jersey : | ||
| 260 | _bJohn Wiley & Sons, | ||
| 260 | _c2012 | ||
| 300 | _a237 pages : | ||
| 300 | _bcolored illustrations ; | ||
| 300 | _c28 cm. | ||
| 500 | _aIncludes index. | ||
| 650 | _aSpceial events -- Industry. | ||
| 650 | _aSpecial events -- Planning. | ||
| 650 | _xSpecial events -- Management. | ||
| 999 |
_c356703 _d356703 |
||